Introduction to transport phenomena (Record no. 70450)

000 -LEADER
fixed length control field 00451nam a22001697a 4500
003 - CONTROL NUMBER IDENTIFIER
control field NUST - PNEC
005 - DATE AND TIME OF LATEST TRANSACTION
control field 20170116181140.0
008 - FIXED-LENGTH DATA ELEMENTS--GENERAL INFORMATION
fixed length control field 151008b xxu||||| |||| 00| 0 eng d
020 ## - INTERNATIONAL STANDARD BOOK NUMBER
International Standard Book Number 8178084651
040 ## - CATALOGING SOURCE
Transcribing agency LIBRARY
082 ## - DEWEY DECIMAL CLASSIFICATION NUMBER
Classification number 660.284 THO
100 ## - MAIN ENTRY--PERSONAL NAME
9 (RLIN) 14581
Personal name Thomson, William J.
245 ## - TITLE STATEMENT
Title Introduction to transport phenomena
Statement of responsibility, etc. William J.Thomson
260 ## - PUBLICATION, DISTRIBUTION, ETC.
Date of publication, distribution, etc. c 2000
650 ## - SUBJECT ADDED ENTRY--TOPICAL TERM
9 (RLIN) 14583
Topical term or geographic name entry element Transport theory
General subdivision General
942 ## - ADDED ENTRY ELEMENTS (KOHA)
Source of classification or shelving scheme
Koha item type Book
Holdings
Withdrawn status Lost status Source of classification or shelving scheme Damaged status Not for loan Permanent Location Current Location Shelving location Date acquired Total Checkouts Full call number Barcode Date last seen Price effective from Koha item type
          Pakistan Navy Engineering College (PNEC) Pakistan Navy Engineering College (PNEC)   10/08/2015   660.284 THO PNECLIB-029942 10/08/2015   Book
© 2023 Central Library, National University of Sciences and Technology. All Rights Reserved.